000 01332nam a2200193 a 4500
001 000000384
005 20200929145333.0
008 081126s2008 dr abc r 001 0 spa d
040 _aDO-SdBNP
_bspa
_cBNPHU
082 _a352.3
_bC755m
110 2 _aConsejo Presidencial del SIDA (República Dominicana)
_91279
245 1 0 _aMemorias 2004-2008 :
_brespuesta de nación /
_ccoordinadora de edición Gisela Mera.
260 _aSanto Domingo :
_bCOPRESIDA,
_c2008.
300 _a168 p. :
_bil., map., retrs. ;
_c27 cm.
505 2 _tPresentación --
_tIntroducción --
_tResumen ejecutivo --
_tContexto y reseña institucional --
_tContexto histórico --
_tRespuesta nacional al VIH y SIDA 2004-2008 -- .
_tDirección ejecutiva y unidad de gestión de proyectos --
_tAnuario de acciones destacadas correspondientes a la gestión gubernamental 2004-2008 --
_tAcciones e inversiones según bases poblacionales --
_tEjes transversales --
_tIntervenciones y programas especiales --
_tAcciones según áreas estratégicas del plan estratégico nacional para la prevención y el control de las ITS, el VIH y el SIDA 2007-2015 (PEN) --
_tFortalecimiento y desarrollo institucional --
_tLista de abreviaturas.
610 2 4 _aCONSEJO PRESIDENCIAL DEL SIDA
_zREPÚBLICA DOMINICANA
_y2004-2008
_91280
653 0 _aMEMORIAS E INFORMES
700 1 _aMera, Gisela,
_91281
999 _c383
_d383